| 000 | 00434nam a22001817a 4500 | ||
|---|---|---|---|
| 003 | CEME | ||
| 005 | 20210628204159.0 | ||
| 008 | 210105b xxu||||| |||| 00| 0 eng d | ||
| 020 | _a9780198072393 | ||
| 040 | _c. | ||
| 082 | _a910.285 BHA | ||
| 100 |
_aBhatta, Basudeb _969155 |
||
| 245 | _aRemote sensing and gis | ||
| 250 | _a2ND | ||
| 260 |
_aINDIA _bOXFORD UNIVERSITY PRESS _c2013 |
||
| 300 | _aXXIV, 715P | ||
| 942 |
_cBK _2ddc |
||
| 999 |
_c576543 _d576543 |
||